كتاب التمام : (رقم التسجيلة. 29086)

تفاصيل مارك
000 -LEADER
fixed length control field 00939nam a22002057a 4500
005 - DATE AND TIME OF LATEST TRANSACTION
control field 20251108165503.0
008 - FIXED-LENGTH DATA ELEMENTS--GENERAL INFORMATION
fixed length control field 250721s1994 xx 000 0 ara d
082 14 - DEWEY DECIMAL CLASSIFICATION NUMBER
Classification number م/217.5/يعل
100 1# - MAIN ENTRY--PERSONAL NAME
Personal name إبن أبي يعلي، أبو الحسين محمد بن محمد بن الحسين
245 10 - TITLE STATEMENT
Title كتاب التمام :
Remainder of title لما صح في الرواتين و الثلاث و الأربع عن الإمام و المختار من الوجهين عن أصحابه العرانين الكرام /
264 1# - PRODUCTION, PUBLICATION, DISTRIBUTION, MANUFACTURE, AND COPYRIGHT NOTICE
Place of production, publication, distribution, manufacture الرياض :
Name of producer, publisher, distributor, manufacturer دار العاصمة للنشر و التوزيع،
Date of production, publication, distribution, manufacture, or copyright notice 1994.
300 ## - PHYSICAL DESCRIPTION
Extent
650 17 - SUBJECT ADDED ENTRY--TOPICAL TERM
Topical term or geographic name as entry element الإسلام
650 17 - SUBJECT ADDED ENTRY--TOPICAL TERM
Topical term or geographic name as entry element الفقه الإسلامي
650 17 - SUBJECT ADDED ENTRY--TOPICAL TERM
Topical term or geographic name as entry element الفقه الحنبلي
700 1# - ADDED ENTRY--PERSONAL NAME
Personal name الطيار، عبد الله بن محمد بن أحمد
Relator term تحقيق
700 1# - ADDED ENTRY--PERSONAL NAME
Personal name المدالله، عبد العزيز بن محمد بن عبد الله
942 ## - ADDED ENTRY ELEMENTS (KOHA)
Source of classification or shelving scheme Dewey Decimal Classification
Koha item type مراجع
المقتنيات
حالة السحب حالة الفقدان مصدر التصنيف حالة التلف غير قابل للإعارة المكتبة الرئيسية المكتبة الحالية موقع الرف تاريخ التزويد الرقم المتسلسل Total Checkouts رقم الإستدعاء الباركود تاريخ آخر ظهور تاريخ الفاتورة نوع المادة (كوها)
    Dewey Decimal Classification   Not For Loan المكتبة المركزية المكتبة المركزية مراجع 06/07/2004 209705   م/217.5/يعل 209705 28/07/2025 06/07/2004 مراجع
    Dewey Decimal Classification   Not For Loan المكتبة المركزية المكتبة المركزية مراجع 06/07/2004 209706   م/217.5/يعل 209706 28/07/2025 06/07/2004 مراجع
Implemented & Customized by: BBB with SCIT (Smart Chains for Information Technology)

Powered by Koha